000 00414nam a2200169Ia 4500
008 241115s9999 xx 000 0 und d
020 _a0-07-100328-2
082 _a004 SAN
100 _aSanders, Donald H.
245 0 _aComputers Today
250 _a3rd ed.
260 _aSingapore:
_bMcGraw Hill,
_c1999
300 _axxvii,776p.
600 _aComputer Science
650 _aComputer Science
942 _cBBD
999 _c25014
_d25014